| 000 | 01482nam a2200325 i 4500 | ||
|---|---|---|---|
| 001 | 193546 | ||
| 003 | ES-MaACL | ||
| 005 | 20250822012615.0 | ||
| 008 | 240201s2023 sp ||||| |||| 00| 0 spa d | ||
| 017 | _aM 28772-2023 | ||
| 020 | _a9788419619280 | ||
| 040 |
_aES-MaACL _cES-MaACL |
||
| 080 | _2159.923.2-055.2 | ||
| 100 | 0 |
_aFonseca, Noeleen _9234849 _eaut |
|
| 245 | 1 | 3 |
_aLa magia de empoderarte : _b9 secretos para mujeres como tú / _cprólogo de Cristina Soria. |
| 250 | _aPrimera edición: octubre 2023 | ||
| 264 | 1 |
_a[Madrid] : _bEdiciones Isthar Luna Sol, _c2023. |
|
| 300 |
_a200 páginas ; _c22 cm |
||
| 520 | _aEste libro ofrece al lector una ayuda para empoderarse en los momentos en los que más podría necesitarlo. 9 experiencias para superar la violencia de género, el abuso sexual en la infancia, la enfermedad o la pérdida de un hijo. | ||
| 650 | 7 |
_aAutoayuda _2embne _910421 |
|
| 650 | 7 |
_aAutorrealización (Psicología) _2embne _9226457 |
|
| 700 |
_aSoria, Cristina _9235012 _eaui |
||
| 852 |
_aES-MaACL _bR.154809 _cDEPOJ _jN-9693 _hDonación: María J. A. Donis _xEncuadernación rústica con solapas _9201162 _gDedicatoria autógrafa de la autora y donante |
||
| 903 |
_aDonis, Maria _ednr |
||
| 942 |
_n0 _cMONOGRAFIA |
||
| 999 |
_c193546 _d193546 |
||